<?xml version="1.0" encoding="UTF-8"?>
<record
    xmlns:xsi="http://www.w3.org/2001/XMLSchema-instance"
    xsi:schemaLocation="http://www.loc.gov/MARC21/slim http://www.loc.gov/standards/marcxml/schema/MARC21slim.xsd"
    xmlns="http://www.loc.gov/MARC21/slim">

  <leader>00392    a2200109   4500</leader>
  <controlfield tag="001">ART_30459</controlfield>
  <controlfield tag="005">20260410162004.0</controlfield>
  <controlfield tag="008">260409a                                 </controlfield>
  <datafield tag="245" ind1="1" ind2="0">
    <subfield code="a">Puntos de partida para un plan estrat&#xE9;gico de la Secretar&#xED;a de la gesti&#xF3;n p&#xFA;blica de la provincia de San Juan</subfield>
  </datafield>
  <datafield tag="100" ind1="1" ind2=" ">
    <subfield code="a">Cao, Horacio</subfield>
  </datafield>
  <datafield tag="773" ind1="0" ind2=" ">
    <subfield code="t">Bolet&#xED;n Informativo ASAP</subfield>
    <subfield code="g">- N&#xBA; 43 (oct. 2009)</subfield>
    <subfield code="w">REV30391</subfield>
  </datafield>
  <datafield tag="999" ind1=" " ind2=" ">
    <subfield code="c">31545</subfield>
    <subfield code="d">31545</subfield>
  </datafield>
</record>
